Náboženský turizmus - cesta k Bohu a človeku

Bibliographic Details
Corporate Author: Náboženský turizmus - cesta k bohu a človeku Prešov, Slovensko (Author)
Other Authors: Tirpák, Peter, 1978- (Editor)
Format: Conference Proceeding Software eBook
Language:Slovak
Polish
PhysicalDescription:1 CD-ROM farebný; zvuk 12 cm
Published: Prešov Prešovská univerzita v Prešove, Gréckokatolícka teologická fakulta 2019
ISBN:9788055521909
Subjects:

MARC

LEADER 00000nam a2200000 4500
001 vtls012023896
003 SK-MaSNL
005 20260302074153.0
007 co mg muuua
008 210419s2019 xo | fqn 100 0 slo
015 |a SNBS2021 
020 |a 9788055521909  |q (elektronická kniha) 
040 |a SNK  |b slo  |c SNK  |e rda 
041 0 |a slo  |a pol  |b eng 
044 |a xo  |c SK 
072 7 |a 338.3/.4  |x Hospodárske a výrobné odvetvia  |2 konspekt 
072 7 |a 2  |x Náboženstvo  |2 konspekt 
080 |a 338.48  |2 2011 
080 |a 21/29-1/-9  |2 2011 
080 |a 2-522/-523  |2 2011 
080 |a (062.534)  |2 2011 
080 |a (0.034.44)  |2 2011 
111 2 |a Náboženský turizmus - cesta k bohu a človeku  |d (2018 :  |c Prešov, Slovensko)  |4 aut  |9 739480 
245 1 0 |a Náboženský turizmus - cesta k Bohu a človeku  |c editor: Peter Tirpák 
264 1 |a Prešov  |b Prešovská univerzita v Prešove, Gréckokatolícka teologická fakulta  |c 2019 
300 |a 1 CD-ROM  |b farebný; zvuk  |c 12 cm 
336 |a text  |b txt  |2 rdacontent 
337 |a počítač  |b c  |2 rdamedia 
338 |a počítačový disk  |b cd  |2 rdacarrier 
347 |a textový súbor  |b html  |b PDF  |2 rda 
347 |a video súbor  |b MP4  |2 rda 
347 |a obrazový súbor  |b JPEG  |2 rda 
500 |a Podujatie bolo súčasťou osláv Jubilejného roka Prešovskej archieparchie v roku 2018 
504 |a Obsahuje bibliografiu a bibliografické odkazy 
546 |a Text čiastočne aj poľsky; rezumé anglicky 
650 0 7 |a cestovný ruch  |2 SNKPH  |9 999 
650 0 7 |a náboženstvo  |2 SNKPH  |9 2023 
650 0 7 |a pútnické miesta  |2 SNKPH  |9 3031 
650 0 7 |a Tourism  |2 SNKPHeng  |9 266335 
650 0 7 |a Religion  |2 SNKPHeng  |9 265085 
650 0 7 |a Christian pilgrims and pilgrimages  |2 SNKPHeng  |9 281826 
655 7 |a CD-ROM  |2 SNKPH  |9 70236 
655 7 |a zborníky konferencií  |2 SNKPH  |9 70153 
655 7 |a Proceedings of conferences  |2 SNKPHeng  |9 265791 
700 1 |a Tirpák, Peter,  |d 1978-  |4 edt  |9 225209 
919 |a 978-80-555-2190-9 
958 |a NB 
958 |a NT 
999 |c 1163973  |d 1165903 
952 |a SNK  |b SNK  |y PREZ  |7 0  |p 17A1451191  |o snkSCDM 11735  |i snk2021/3124  |8 0  |0 0  |1 0  |4 0  |d 2021-04-19  |l 0  |r 2026-02-24 20:43:28  |w 2026-02-24 
952 |t snkNAB 27  |a SNKMST  |b SNKMST  |y PREZ  |7 0  |p 17A1451190  |o snkSCDM 11735 D1  |i snk2021/3125  |8 0  |0 0  |1 0  |4 0  |d 2021-04-19  |l 0  |r 2025-08-13 00:00:00  |w 2026-02-24